Haikyuu!! Date Tech Players - Statistics

General Stats
  • This quiz has been taken 8 times
  • The average score is 6 of 12
Answer Stats
Picture Hint Answer % Correct
Middle Blocker Takanobu Aone
100%
Setter Kanji Koganegawa
83%
Captain / Wing Spiker / Outside Hitter / Ace Kenji Futakuchi
83%
Ex-Captain / Setter Kaname Moniwa
67%
Libero Kōsuke Sakunami
50%
Wing Spiker / Opposite Hitter Takehito Sasaya
50%
Middle Blocker Yasushi Kamasaki
50%
Middle Blocker Jingo Fukiage
33%
Wing Spiker / Outside Hitter Yutaka Obara
33%
Manager Mai Nametsu
17%
Coach Takurō Oiwake
17%
Wing Spiker / Opposite Hitter Tarō Onagawa
17%
No matching quizzes found
Score Distribution
Percent of People with Each Score
Percentile by Number Answered
Your Score History
You have not taken this quiz